OPAC Home

දාඨාවංශය සන්න සහිත (Record no. 144162)

MARC details
000 -LEADER
fixed length control field 00466nam a22001817a 4500
003 - CONTROL NUMBER IDENTIFIER
control field LK-CoDNM
005 - DATE AND TIME OF LATEST TRANSACTION
control field 20231215121419.0
008 - FIXED-LENGTH DATA ELEMENTS--GENERAL INFORMATION
fixed length control field 231215b |||||||| |||| 00| 0 eng d
040 ## - CATALOGING SOURCE
Original cataloging agency LK-CoDNM
Modifying agency LK-CoDNM
Description conventions LK-CoDNM
041 ## - LANGUAGE CODE
Language code of text/sound track or separate title Sinhala; Sinhalese
080 ## - UNIVERSAL DECIMAL CLASSIFICATION NUMBER
Universal Decimal Classification number 104 A 2
942 ## - ADDED ENTRY ELEMENTS (KOHA)
Koha item type Books
100 ## - MAIN ENTRY--PERSONAL NAME
Personal name Dharmakirthi,Thero
700 ## - ADDED ENTRY--PERSONAL NAME
Personal name Seelalankara Thero
Relator term editor
245 ## - TITLE STATEMENT
Title දාඨාවංශය සන්න සහිත
260 ## - PUBLICATION, DISTRIBUTION, ETC. (IMPRINT)
Place of publication, distribution, etc. Colombo
Date of publication, distribution, etc. 1914
300 ## - PHYSICAL DESCRIPTION
Extent 111p;21cm
Holdings
Withdrawn status Lost status Damaged status Not for loan Permanent Location Current Location Date acquired Full call number Barcode Koha item type
    Damaged   Library National Museum Colombo - Sri Lanka Library National Museum Colombo - Sri Lanka 2023-12-15 104 A 2 OB696 9 Books
Copyright © 2023 Department of National Museum, Colombo 07, Sri Lanka Funded by UNESCO IFAP UNESCO